| 000 | 00506nab a2200145Ia 4500 | ||
|---|---|---|---|
| 003 | ES-SlBCS | ||
| 005 | 20210601144451.0 | ||
| 008 | 140529s2010 xxu||||| |||| 00| 0 spa d | ||
| 041 | _aspa | ||
| 100 | 1 |
_aArea Moreira, Manuel _9229666 |
|
| 245 | 0 | 0 |
_aEl proceso de integración y uso pedagógico de las TIC en los centros educativos. Un estudio de casos _c Manuel Area Moreira |
| 650 | 0 | 4 |
_aInnovación Educativa _9123931 |
| 773 | 0 |
_tRevista de Educacion _gnº. 352, 2010, págs. 77-97 _wRev360 |
|
| 942 | _cAR | ||
| 999 |
_c709008 _d709008 |
||